| 000 | 01211nac a22002051u 4500 | ||
|---|---|---|---|
| 008 | 110606t xxu||||| |||| 00| 0 eng d | ||
| 020 | _a0131416804 | ||
| 082 |
_a620.105 _bHIB |
||
| 100 |
_a20080729 _924702 |
||
| 245 |
_aEngineering Mechanics Dynamics : _bDynamics study pack :chapter reviews, free body diagram workbook, problems website / _cR. C. Hibbeler |
||
| 260 |
_aUpper Saddle River, NJ : _bPearson/Prentice-Hall, 2003 _c2003 |
||
| 300 |
_axiv, 162 p. : _bill. ; _c25 cm. |
||
| 500 | _aDynamics study pack supplement to Engineering mechanics. Dynamics, 10th ed. by R.C. Hibbeler. | ||
| 500 | _aSystem requirements for accompanying material: Macintosh 300 Mhz, 333Mhz PPC G3 or better ; PC with a Pentium processor running at 300 MHz or faster; at least 64MB of RAM ; Internet Explorer 5.5. or better ; Netscape 6.2.2 or better ; Mozilla 1.0 or better with Java 2.2 or higher. | ||
| 650 |
_aDynamics _924703 |
||
| 650 |
_aDynamics _xproblems, exercises _924704 |
||
| 700 |
_aHibbeler, R. C. _924705 |
||
| 942 |
_cBB _k620.105HIB _2ddc |
||
| 999 |
_c3964 _d3964 |
||